<?xml version="1.0" encoding="UTF-8"?>
<record
    xmlns:xsi="http://www.w3.org/2001/XMLSchema-instance"
    xsi:schemaLocation="http://www.loc.gov/MARC21/slim http://www.loc.gov/standards/marcxml/schema/MARC21slim.xsd"
    xmlns="http://www.loc.gov/MARC21/slim">

  <leader>00768nam a22001337a 4500</leader>
  <datafield tag="040" ind1=" " ind2=" ">
    <subfield code="c">RUA</subfield>
  </datafield>
  <datafield tag="082" ind1=" " ind2=" ">
    <subfield code="a">VEM TOP 2015 B509 Or.</subfield>
  </datafield>
  <datafield tag="100" ind1=" " ind2=" ">
    <subfield code="a">TOP CHAKRIYOUTH; &#x178F;&#x17BB;&#x1794; &#x1785;&#x1780;&#x17D2;&#x179A;&#x17C3;&#x1799;&#x17BB;&#x178F;&#x17D2;&#x178F;&#x17B7;</subfield>
  </datafield>
  <datafield tag="245" ind1=" " ind2=" ">
    <subfield code="a">Situation of herpes virus on non human primate in Cambodia and its diagnostic method at pasteur institute in Cambodia;  &#x179F;&#x17D2;&#x1790;&#x17B6;&#x1793;&#x1797;&#x17B6;&#x1796;&#x179C;&#x17B8;&#x179A;&#x17BB;&#x179F;&#x17A2;&#x17CA;&#x17C2;&#x179A;&#x1794;&#x17C9;&#x17C1;&#x179F;&#x1793;&#x17C4;&#x179B;&#x17BE;&#x179F;&#x178F;&#x17D2;&#x179C;&#x179F;&#x17D2;&#x179C;&#x17B6;&#x1793;&#x17C5;&#x1794;&#x17D2;&#x179A;&#x1791;&#x17C1;&#x179F;&#x1780;&#x1798;&#x17D2;&#x1796;&#x17BB;&#x1787;&#x17B6; &#x1793;&#x17B7;&#x1784;&#x179C;&#x17B7;&#x1792;&#x17B8;&#x179F;&#x17B6;&#x179F;&#x17D2;&#x178F;&#x17D2;&#x179A;&#x179C;&#x17B7;&#x1793;&#x17B7;&#x1785;&#x17D2;&#x1786;&#x17D0;&#x1799;&#x179C;&#x17B8;&#x179A;&#x17BB;&#x179F;&#x17A2;&#x17CA;&#x17C2;&#x179A;&#x1794;&#x17C9;&#x17C1;&#x179F;&#x1793;&#x17C5;&#x179C;&#x17B7;&#x1791;&#x17D2;&#x1799;&#x17B6;&#x179F;&#x17D2;&#x1790;&#x17B6;&#x1793;&#x1794;&#x17C9;&#x17B6;&#x179F;&#x17D2;&#x1791;&#x17D0;&#x179A;</subfield>
  </datafield>
  <datafield tag="260" ind1=" " ind2=" ">
    <subfield code="a">RUA</subfield>
    <subfield code="b">Phnom Penh</subfield>
    <subfield code="c">2015</subfield>
  </datafield>
  <datafield tag="300" ind1=" " ind2=" ">
    <subfield code="a">ix;40p.</subfield>
    <subfield code="b">ill.</subfield>
    <subfield code="c">29cm.</subfield>
  </datafield>
  <datafield tag="856" ind1=" " ind2=" ">
    <subfield code="u">TOP CHAKRIYOUTH</subfield>
  </datafield>
  <datafield tag="942" ind1=" " ind2=" ">
    <subfield code="c">VEM</subfield>
  </datafield>
  <datafield tag="999" ind1=" " ind2=" ">
    <subfield code="c">9288</subfield>
    <subfield code="d">9288</subfield>
  </datafield>
  <datafield tag="952" ind1=" " ind2=" ">
    <subfield code="0">0</subfield>
    <subfield code="1">0</subfield>
    <subfield code="2">ddc</subfield>
    <subfield code="4">0</subfield>
    <subfield code="6">VEM_TOP_2015_000000000000000_B509_OR_1</subfield>
    <subfield code="7">0</subfield>
    <subfield code="9">51046</subfield>
    <subfield code="a">LBB</subfield>
    <subfield code="b">LBB</subfield>
    <subfield code="d">2016-08-30</subfield>
    <subfield code="o">VEM TOP 2015 B509 Or.1</subfield>
    <subfield code="p">RUA061854</subfield>
    <subfield code="r">2016-08-30</subfield>
    <subfield code="w">2016-08-30</subfield>
    <subfield code="y">VEM</subfield>
  </datafield>
  <datafield tag="952" ind1=" " ind2=" ">
    <subfield code="0">0</subfield>
    <subfield code="1">0</subfield>
    <subfield code="2">ddc</subfield>
    <subfield code="4">0</subfield>
    <subfield code="6">VEM_TOP_2015_000000000000000_B509_OR_2</subfield>
    <subfield code="7">0</subfield>
    <subfield code="9">51047</subfield>
    <subfield code="a">LBB</subfield>
    <subfield code="b">LBB</subfield>
    <subfield code="d">2016-08-30</subfield>
    <subfield code="o">VEM TOP 2015 B509 Or.2</subfield>
    <subfield code="p">RUA061794</subfield>
    <subfield code="r">2016-08-30</subfield>
    <subfield code="w">2016-08-30</subfield>
    <subfield code="y">VEM</subfield>
  </datafield>
  <datafield tag="952" ind1=" " ind2=" ">
    <subfield code="0">0</subfield>
    <subfield code="1">0</subfield>
    <subfield code="2">ddc</subfield>
    <subfield code="4">0</subfield>
    <subfield code="6">VEM_TOP_2015_000000000000000_B509_OR_3</subfield>
    <subfield code="7">0</subfield>
    <subfield code="9">51048</subfield>
    <subfield code="a">LBB</subfield>
    <subfield code="b">LBB</subfield>
    <subfield code="d">2016-08-30</subfield>
    <subfield code="o">VEM TOP 2015 B509 Or.3</subfield>
    <subfield code="p">RUA061674</subfield>
    <subfield code="r">2016-08-30</subfield>
    <subfield code="w">2016-08-30</subfield>
    <subfield code="y">VEM</subfield>
  </datafield>
  <datafield tag="952" ind1=" " ind2=" ">
    <subfield code="0">0</subfield>
    <subfield code="1">0</subfield>
    <subfield code="2">ddc</subfield>
    <subfield code="4">0</subfield>
    <subfield code="6">VEM_TOP_2015_000000000000000_B509_OR_4</subfield>
    <subfield code="7">0</subfield>
    <subfield code="9">51049</subfield>
    <subfield code="a">LBB</subfield>
    <subfield code="b">LBB</subfield>
    <subfield code="d">2016-08-30</subfield>
    <subfield code="o">VEM TOP 2015 B509 Or.4</subfield>
    <subfield code="p">RUA061614</subfield>
    <subfield code="r">2016-08-30</subfield>
    <subfield code="w">2016-08-30</subfield>
    <subfield code="y">VEM</subfield>
  </datafield>
  <datafield tag="952" ind1=" " ind2=" ">
    <subfield code="0">0</subfield>
    <subfield code="1">0</subfield>
    <subfield code="2">ddc</subfield>
    <subfield code="4">0</subfield>
    <subfield code="6">VEM_TOP_2015_000000000000000_B509_OR_5</subfield>
    <subfield code="7">0</subfield>
    <subfield code="9">51050</subfield>
    <subfield code="a">LBB</subfield>
    <subfield code="b">LBB</subfield>
    <subfield code="d">2016-08-30</subfield>
    <subfield code="o">VEM TOP 2015 B509 Or.5</subfield>
    <subfield code="p">RUA062274</subfield>
    <subfield code="r">2016-08-30</subfield>
    <subfield code="w">2016-08-30</subfield>
    <subfield code="y">VEM</subfield>
  </datafield>
  <datafield tag="952" ind1=" " ind2=" ">
    <subfield code="0">0</subfield>
    <subfield code="1">0</subfield>
    <subfield code="2">ddc</subfield>
    <subfield code="4">0</subfield>
    <subfield code="6">VEM_TOP_2015_000000000000000_B509_OR_6</subfield>
    <subfield code="7">0</subfield>
    <subfield code="9">51051</subfield>
    <subfield code="a">LBB</subfield>
    <subfield code="b">LBB</subfield>
    <subfield code="d">2016-08-30</subfield>
    <subfield code="o">VEM TOP 2015 B509 Or.6</subfield>
    <subfield code="p">RUA061954</subfield>
    <subfield code="r">2016-08-30</subfield>
    <subfield code="w">2016-08-30</subfield>
    <subfield code="y">VEM</subfield>
  </datafield>
  <datafield tag="952" ind1=" " ind2=" ">
    <subfield code="0">0</subfield>
    <subfield code="1">0</subfield>
    <subfield code="2">ddc</subfield>
    <subfield code="4">0</subfield>
    <subfield code="6">VEM_TOP_2015_000000000000000_B509_OR_7</subfield>
    <subfield code="7">0</subfield>
    <subfield code="9">51052</subfield>
    <subfield code="a">LBB</subfield>
    <subfield code="b">LBB</subfield>
    <subfield code="d">2016-08-30</subfield>
    <subfield code="o">VEM TOP 2015 B509 Or.7</subfield>
    <subfield code="p">RUA061912</subfield>
    <subfield code="r">2016-08-30</subfield>
    <subfield code="w">2016-08-30</subfield>
    <subfield code="y">VEM</subfield>
  </datafield>
  <datafield tag="952" ind1=" " ind2=" ">
    <subfield code="0">0</subfield>
    <subfield code="1">0</subfield>
    <subfield code="2">ddc</subfield>
    <subfield code="4">0</subfield>
    <subfield code="6">VEM_TOP_2015_000000000000000_B509_OR_8</subfield>
    <subfield code="7">0</subfield>
    <subfield code="9">51053</subfield>
    <subfield code="a">LBB</subfield>
    <subfield code="b">LBB</subfield>
    <subfield code="d">2016-08-30</subfield>
    <subfield code="o">VEM TOP 2015 B509 Or.8</subfield>
    <subfield code="p">RUA062627</subfield>
    <subfield code="r">2016-08-30</subfield>
    <subfield code="w">2016-08-30</subfield>
    <subfield code="y">VEM</subfield>
  </datafield>
  <datafield tag="952" ind1=" " ind2=" ">
    <subfield code="0">0</subfield>
    <subfield code="1">0</subfield>
    <subfield code="4">0</subfield>
    <subfield code="6">VEM_TOP_2015_000000000000000_B692_OR</subfield>
    <subfield code="7">0</subfield>
    <subfield code="9">87463</subfield>
    <subfield code="a">LBB</subfield>
    <subfield code="b">LBB</subfield>
    <subfield code="c">B692</subfield>
    <subfield code="d">2021-11-15</subfield>
    <subfield code="o">VEM TOP 2015 B692 Or.</subfield>
    <subfield code="p">A066909</subfield>
    <subfield code="r">2021-11-15</subfield>
    <subfield code="y">VEM</subfield>
  </datafield>
  <datafield tag="952" ind1=" " ind2=" ">
    <subfield code="0">0</subfield>
    <subfield code="1">0</subfield>
    <subfield code="4">0</subfield>
    <subfield code="6">VEM_TOP_2015_000000000000000_B692_OR</subfield>
    <subfield code="7">0</subfield>
    <subfield code="9">87464</subfield>
    <subfield code="a">LBB</subfield>
    <subfield code="b">LBB</subfield>
    <subfield code="c">B692</subfield>
    <subfield code="d">2021-11-15</subfield>
    <subfield code="o">VEM TOP 2015 B692 Or.</subfield>
    <subfield code="p">A066969</subfield>
    <subfield code="r">2021-11-15</subfield>
    <subfield code="y">VEM</subfield>
  </datafield>
</record>
